000
00305nam a22001337a 4500
020
_q
HB.
040
_c
FIZZA ISHAQ
082
_a
006.31
_b
DAS
100
_a
DAS.
_9
91510
245
_a
APPLIED INTELLIGENT DECISION MAKING /
_c
DAS.
260
_a
CRC PRESS ;
_c
2021.
300
_a
252 P. ;
942
_2
ddc
_c
BK
999
_c
589627
_d
589627